Company law and practice-II / (Record no. 140641)

MARC details
000 -LEADER
fixed length control field 00718nam a22001817a 4500
005 - DATE AND TIME OF LATEST TRANSACTION
control field 20170531161643.0
020 ## - INTERNATIONAL STANDARD BOOK NUMBER
Terms of availability 945.00
International Standard Book Number 9789350719855
035 ## - SYSTEM CONTROL NUMBER
System control number B-666064
037 ## - SOURCE OF ACQUISITION
Stock number DPL
Source of stock number/acquisition Variety
082 ## - DEWEY DECIMAL CLASSIFICATION NUMBER
Classification number 346.54066
100 ## - MAIN ENTRY--PERSONAL NAME
Personal name Kapoor, G.K.
245 ## - TITLE STATEMENT
Title Company law and practice-II /
Statement of responsibility, etc by G.K. Kapoor
Remainder of title a comprehensive text book on companies act 2013 /
250 ## - EDITION STATEMENT
Edition statement 21st ed.
260 ## - PUBLICATION, DISTRIBUTION, ETC. (IMPRINT)
Place of publication, distribution, etc New Delhi
Name of publisher, distributor, etc Sultan Chand and Company
Date of publication, distribution, etc 2016
300 ## - PHYSICAL DESCRIPTION
Extent I-11,1117p.
Dimensions 21cm (pbk)
942 ## - ADDED ENTRY ELEMENTS (KOHA)
Source of classification or shelving scheme Dewey Decimal Classification
Item type English Books
Classification part 346.54066
Call number suffix KAP
Holdings
Withdrawn status Lost status Not for loan Collection code Home library Current library Date acquired Source of acquisition Cost, normal purchase price Full call number Barcode Copy number Cost, replacement price Koha item type
      Non-fiction Ashok Vihar Ashok Vihar 31/05/2017 BPPD/EN/2015-16/AV/16-17/410/15.2.2017/IN1434/7.3.2017/ 10.3.2017 945.00 346.54066 KAP B-666064 1 945.00 English Books

© Delhi Public Library
Hit Counter
free hit counter